000 00863nac a22002297a 4500
001 BR7001023
003 BR-BrBNA
005 20240105113412.0
008 230509b bl.|||m| |||| 00| 0 por d
040 _aBR-BrBNA
_bpor
_cBiblioteca Nacional de Agricultura
072 _aL00
090 _a5214 BR7001023
110 1 _aPlano de Melhoramento da Alimentacao e do Manejo do Gado Leiteiro, Rio de Janeiro, GB (Brasil)
_97815
245 1 _aRelatorio 1970 [Plano de Melhoramento da Alimentacao e do Manejo do Gado Leiteiro, Rio de Janeiro, Brasil]
260 3 _aRio de Janeiro, GB (Brasil):
_c1970.
300 _a64 p.
490 _aRelatorio - Plano de Melhoramento da Alimentacao e do Manejo do Gado Leiteiro (Brazil)
_v
_x
650 _aPRODUCAO ANIMAL
650 _aGADO LEITEIRO
909 _a202312
_bLúcia Elande
_c55
_dLúcia Elande
942 _2AGRIS
_n0
_cMS
999 _c263522
_d263522